<?xml version="1.0" encoding="UTF-8"?><collection xmlns="info:lc/xmlns/marcxchange-v2"><record format="Unimarc" type="bibliographic"><leader>00721nam  2200193   450 </leader><controlfield tag="001">2381830</controlfield><controlfield tag="003">http://id.bnportugal.gov.pt/bib/porbase/2381830</controlfield><datafield ind1=" " ind2=" " tag="010"><subfield code="a">978-0-521-63751-0</subfield><subfield code="b">brochado</subfield><subfield code="d">compra</subfield></datafield><datafield ind1=" " ind2=" " tag="035"><subfield code="a">unlcsh008_bc.iso/09-09-2011/65546</subfield></datafield><datafield ind1=" " ind2=" " tag="035"><subfield code="a">UNLCSH20090728095528</subfield></datafield><datafield ind1=" " ind2=" " tag="100"><subfield code="a">20090728d2009    k  y0porb0103    ba</subfield></datafield><datafield ind1="0" ind2=" " tag="101"><subfield code="a">por</subfield></datafield><datafield ind1=" " ind2=" " tag="102"><subfield code="a">PT</subfield></datafield><datafield ind1="1" ind2=" " tag="200"><subfield code="a">Handbook of the International Phonetic Association</subfield><subfield code="e">a guide to the use of the International Phonetic Alphabet</subfield></datafield><datafield ind1=" " ind2=" " tag="210"><subfield code="a">Cambridge</subfield><subfield code="c">Cambridge University Press</subfield><subfield code="d">cop. 1999</subfield><subfield code="h">(imp. 2009</subfield></datafield><datafield ind1=" " ind2=" " tag="215"><subfield code="a">viii, [2], 204 p.</subfield><subfield code="c">il.</subfield><subfield code="d">23 cm</subfield></datafield><datafield ind1=" " ind2=" " tag="300"><subfield code="a">Contém Apêndices 1-5</subfield></datafield><datafield ind1=" " ind2=" " tag="675"><subfield code="a">81´34(036)</subfield><subfield code="v">BN</subfield><subfield code="z">por</subfield></datafield><datafield ind1="0" ind2="2" tag="710"><subfield code="a">International Phonetic Association</subfield></datafield><datafield ind1=" " ind2="0" tag="801"><subfield code="a">PT</subfield><subfield code="b">UNLCSH</subfield><subfield code="g">RPC</subfield></datafield></record></collection>